1770 1213 1899 1646 1622 1879 1127 1399 1651 1602 1477 1421 1698 1929 1694 1411 1979 1283 1079 1293 1942 1846 1541 1382 1635 1373 1500 1845 1969 1584 1008 1126 1620 1864 1340 1400 1328 1350 1491 1061 1718 1237 1228 1415 1856 1859 1994 1851 1396 1312 1871 1017 1959 1068 1101 1576 1563 1035 1895 1988 1448 1614 1832 1055 1178 1964 1079 1249 1350 1488 1447 1269 1876 1802 1755 1520 1637 1645 1598 1697 1067 1827 1643 1185 1394 1444 1737 1852 1018 1383 1444 1977 1036 1549 1322 1411 1907 1536 1313 BCNSPRNW ULIB Ver.6.0+V

เปลี่ยนเป็นภาษาไทย

Change to English
 แสดงรายละเอียดบรรณานุกรม
  กลับหน้าหลัก

Brief Record : Get Marc (ISO 2709) : E-mail record : QR code < ปิดหน้าต่าง
LEADER : 00000nas 2200000uu 4500
001    13399126864
003     ULIB
008    190625s2561||||th 000 0 tha d
022 0  ^a26730723
110 1  ^aวิทยาลัยพยาบาลบรมราชชนนี สรรพสิทธิประสงค์
245 00 ^aวารสารวิทยาศาสตร์สุขภาพวิทยาลัยพยาบาลบรมราชชนนี สรรพสิทธิประสงค์^bวิทยาลัยพยาบาลบรมราชชนนี สรรพสิทธิประสงค์
260    ^aอุบลราชธานี : ^bวิทยาลัยพยาบาลบรมราชชนนี สรรพสิทธิประสงค์,^c2561
310    ^aรายสี่เดือน
850 ^a ULIB^bปีที่ 2 ฉบับที่ 2 ฉ.1 ;ปีที่ 3 ฉบับที่ 1 ฉ.1 ;ปีที่ 2 ฉบับที่ 3 ฉ.1 ;ปีที่ 2 ฉบับที่ 1 ฉ.1 ;ปีที่ 3 ฉบับที่ 2 ฉ.1 ;ปีที่ 3 ฉบับที่ 3 ฉ.1
856    ^aULIB^bปีที่ 2 ฉบับที่ 1 ฉ.1
945    ^p0^l0^i905280
945    ^p0^l0^i905282
945    ^p0^l0^i905281
945    ^p0^l0^i905279
945    ^p0^l0^i905518
945    ^p0^l0^i905519
999    ^aประนอม เกษจรัล
รายการนี้ยังไม่มีแท็ก
คุณยังไม่ได้ล็อกอิน คุณสามารถมีกิจกรรมร่วมกับเว็บไซต์ได้ แต่ต้องล็อกอินก่อน ::
  ล็อกอิน

รายการสื่อสารสนเทศ (วารสาร)

ดูแบบ: กล่อง รายการ
ARRIVED
ปีที่ 2 ฉบับที่ 1 ฉ.1
สถานที่: ห้องสมุดวิทยาเขตสวรรค์ประชารักษ์ >วารสาร
ARRIVED
ปีที่ 2 ฉบับที่ 2 ฉ.1
สถานที่: ห้องสมุดวิทยาเขตสวรรค์ประชารักษ์ >วารสาร
ARRIVED
ปีที่ 2 ฉบับที่ 3 ฉ.1
สถานที่: ห้องสมุดวิทยาเขตสวรรค์ประชารักษ์ >วารสาร
ARRIVED
ปีที่ 3 ฉบับที่ 1 ฉ.1
สถานที่: ห้องสมุดวิทยาเขตสวรรค์ประชารักษ์ >วารสาร
ARRIVED
ปีที่ 3 ฉบับที่ 2 ฉ.1
สถานที่: ห้องสมุดวิทยาเขตสวรรค์ประชารักษ์ >วารสาร
ARRIVED
ปีที่ 3 ฉบับที่ 3 ฉ.1
สถานที่: ห้องสมุดวิทยาเขตสวรรค์ประชารักษ์ >วารสาร

BibComment


ยังไม่เคยถูกคอมเมนท์

คอมเมนท์ทรัพยากรรายการนี้
  คอมเมนท์: วารสารวิทยาศาสตร..


 Copyright 2026. Bcnsprnw @Library